Villes françaises et régions (lettre T) - Statistiques

Statistiques générales
  • Ce quiz a été pris 24 fois
  • Le résultat moyen est 14 sur 25
Statistiques - réponses
Hint Réponse % Correct
Tourcoing Hauts-de-France
91%
Toulouse Occitanie
91%
Tarbes Occitanie
86%
Toulon Provence-Alpes-Côte-d'Azur
86%
Tours Centre-Val-de-Loire
82%
Trappes Île-de-France
82%
Tancarville Normandie
77%
Thonon-les-Bains Auvergne-Rhône-Alpes
73%
Torcy Île-de-France
73%
Toul Grand Est
64%
Talence Nouvelle-Aquitaine
64%
Thiers Auvergne-Rhône-Alpes
59%
Troyes Grand Est
59%
Toulouges Occitanie
50%
Tautavel Occitanie
50%
Tournus Bourgogne-Franche-Comté
41%
Tonnerre Bourgogne-Franche-Comté
41%
Thouars Nouvelle-Aquitaine
41%
Tarnos Nouvelle-Aquitaine
41%
Tréguier Bretagne
36%
Talmont-Saint-Hilaire Pays de la Loire
27%
Templemars Hauts-de-France
23%
Tergnier Hauts-de-France
23%
Trets Provence-Alpes-Côte-d'Azur
23%
Tallard Provence-Alpes-Côte-d'Azur
14%
Aucun quiz correspondant
Distribution des résultats
% des personnes avec chaque résultat
Percentile par nombre de réponses
Votre historique - résultats
Vous n’avez pas pris ce quiz